00696nam a2200217 u 450000100100000000500170001000800410002704100090006804300120007708200200008910000210010924500900013025000120022026000560023230000110028849000390029950400420033865000460038065000240042670000280045000005588220200120223156.0130611s1982 ck gr 000 0 spa d0 a|spa as-ck---04a861.44bV452211 aVinyes, Ramón,10aSelección de textos 2 /cRamón Vinyes ; selección y prólogo : Jacques Gilard. a1a. ed. aBogotá :bInstituto Colombiano de Cultura,c1982. a398 p. 0aColección Autores Nacionalesv54 aIncluye referencias bibliográficas.14aLiteratura colombianaxHistoria y critica24aEnsayos colombianos1 aGilard, Jacques,ecomp.